000 02195nam a2200313 i 4500
001 12773
003 BD-JhCC
005 20230511094508.0
008 230511s2022 dcu 000 0 eng
020 _a9781787634190
035 _a(BD-JhCC)17717
040 _aDLC
_beng
_erda
_cDLC
_dBD-JhCC
042 _apcc
082 _a613.69092
_bGRY 2021
100 1 _aGrylls, Bear
_eauthor.
245 1 0 _aNever give up :
_bmy life in the wild /
_cBear Grylls.
263 _a2203
264 1 _aWashington :
_bNational Geographic,
_c2022.
300 _a315 p. :
_bsome color pages
_c22 cm.
336 _atext
_btxt
_2rdacontent
337 _aunmediated
_bn
_2rdamedia
338 _avolume
_bnc
_2rdacarrier
520 _a"Admired by millions as the star of Man vs. Wild and the acclaimed NGC series Running Wild, global adventurer Bear Grylls has explored places few would dare to go. Now, he shares time-honored lessons for leading an adventurous life through stories drawn from his personal experiences, as well as encounters with a diverse group of celebrities who have participated in his wildly popular television shows. In these inspiring pages, Grylls chronicles his life since stepping onto the small screen, taking readers on his most famous adventures, sharing stories from his favorite expeditions, and capturing his hairiest survival challenges. The followup to the internationally best-selling Mud, Sweat and Tears, this new autobiography goes behind the scenes on infamous Man vs. Wild shoots and provides an insight into what it's really like to "Run Wild" with guests including President Obama, Roger Federer, and Julia Roberts. Along the way, Bear explores the valuable lessons he's learned in the wild, opens up about his most personal challenges and achievements, and celebrates the true value of adventure and the enduring importance of courage, kindness, and resilience. Written for outdoor enthusiasts and armchair adventurers alike, Never Give Up offers an inspiring path to help readers live their best lives"--
_cProvided by publisher.
600 _aGrylls, Bear
650 _aWilderness survival
650 _aMountaineers
942 _2ddc
_cBK
999 _c12773
_d12773